• 首页
  • 本馆介绍
  • 公告通知
  • 最新文献
  • 馆藏检索
  • 电子资源
  • 读者导购
  • 参考咨询
  • 我的图书馆
  • 登录
  • 详细信息显示
  • 放入我的书架
  • 预约/预借图书
  • 作者相关作品
  • 分类相关作品
  • 丛书相关作品
  • 出版社相关作品

书目信息

  • 表格格式
  • 工作单格式
  • 卡片格式
题名:
现代化肥农药减施增效技术
    
 
作者: ;全国农业技术推广服务中心 主编
分册:  
出版信息: 北京   中国农业出版社  2019.12
页数: 152页
开本: 21cm
丛书名: 农家书屋助乡村振兴丛书
单 册:
中图分类: S147.2
科图分类:
主题词: 施肥--shi fei , 农药施用--nong yao shi yong
电子资源:
ISBN: 978-7-109-26409-0
000 01174nam 2200277 450
001 0109110145
005 20201109110337.0
010    @a978-7-109-26409-0@dCNY25.00
100    @a20200905d2019 em y0chiy50 ea
101 0  @achi
102    @aCN@b110000
105    @ay z 000yy
106    @ar
200 1  @a现代化肥农药减施增效技术@Axian dai hua fei nong yao jian shi zeng xiao ji shu@f全国农业技术推广服务中心主编
210    @a北京@c中国农业出版社@d2019.12
215    @a152页@d21cm
225 2  @a农家书屋助乡村振兴丛书@Anong jia shu wu zhu xiang cun zhen xing cong shu@i产业振兴
330    @a本书总结了国内化肥农药减施增效技术的新成果和推广经验,介绍了化肥施用基础知识、农作物化肥减施增效技术、蔬菜化肥减施增效技术、果树化肥减施增效技术、农药施用基础知识、农作物农药无公害使用技术、蔬菜无公害使用技术、果树无公害使用技术等内容。
461  0 @12001 @a农家书屋助乡村振兴丛书
462  0 @12001 @a产业振兴
606 0  @a施肥@Ashi fei
606 0  @a农药施用@Anong yao shi yong
690    @aS147.2@v5
711 02 @a全国农业技术推广服务中心@Aquan guo nong ye ji shu tui guang fu wu zhong xin@4主编
801  0 @aCN@bBJSZM@c20201103
905    @b1213761-2@dS147.2@e129@f2
    
    现代化肥农药减施增效技术/全国农业技术推广服务中心主编.-北京:中国农业出版社,2019.12
    152页;21cm.-(农家书屋助乡村振兴丛书.产业振兴)
    
    
    ISBN 978-7-109-26409-0:CNY25.00
    本书总结了国内化肥农药减施增效技术的新成果和推广经验,介绍了化肥施用基础知识、农作物化肥减施增效技术、蔬菜化肥减施增效技术、果树化肥减施增效技术、农药施用基础知识、农作物农药无公害使用技术、蔬菜无公害使用技术、果树无公害使用技术等内容。
●
相关链接 在E读中查询图书 在五车中查询图书 在当当中查询图书 在豆瓣中查询图书


正题名:现代化肥农药减施增效技术     索取号:S147.2/129         预约/预借

序号 登录号 条形码 馆藏地/架位号 状态 备注
1 1213761   212137613   第二样本阅览室/ [索取号:S147.2/129] 在馆    
2 1213762   212137622   第三借阅区/ [索取号:S147.2/129] 在馆    
唐山师范学院图书馆 欢迎您!
大连网信软件有限公司© 版权所有